Nevedeli sa zaradiť, budú mať špeciálne pravidlá investičné životné poistenie na muške Európskej komisie

Európska komisia a opatrenia na ochranu retailových investorov. Návrh normy zabalených retailových investičných produktov - Packaged Retail Investment Products (PRIPs). Ochrana spotrebiteľa a ekonomický účel produktu. Kvalita predaja a transparentnosť.

Uložené v:
Podrobná bibliografia
Hlavný autor: Škriniar, Pavel, 1979-
Médium: Kapitola
Jazyk:Slovak
Predmet:
Tagy: Pridať tag
Žiadne tagy, Buďte prvý, kto otaguje tento záznam!

MARC

LEADER 00000naa a2200000 4500
001 0117723
005 20240502072321.3
041 0 |a slo 
044 |a SK 
245 1 0 |a Nevedeli sa zaradiť, budú mať špeciálne pravidlá  |b investičné životné poistenie na muške Európskej komisie  |c Pavel Škriniar 
520 |a Európska komisia a opatrenia na ochranu retailových investorov. Návrh normy zabalených retailových investičných produktov - Packaged Retail Investment Products (PRIPs). Ochrana spotrebiteľa a ekonomický účel produktu. Kvalita predaja a transparentnosť. 
610 2 0 |a poisťovníctvo 
610 2 0 |a poisťovne 
610 2 0 |a poistenie životné investičné 
610 2 0 |a trh poistný 
610 2 0 |a typy poistenia 
610 2 0 |a právo poistné 
610 2 0 |a Európska komisia 
610 2 0 |a smernice 
610 2 0 |a zákony 
100 1 |a Škriniar, Pavel, 1979-